|
|
|
|
| LEADER |
01172nam a2200313 a 4500 |
| 001 |
GR-Patra10853 |
| 008 |
991022s gr 000 0 gre d |
| 020 |
|
|
|a 9602344369
|
| 040 |
|
|
|a GrPaTEI
|b gre
|c GR-PaULI
|
| 245 |
0 |
2 |
|a Η αποκάλυψη του Ιωάννη και το σκάνδαλο του 666.
|
| 250 |
|
|
|a 2η εκδ.
|
| 260 |
|
|
|a Αθήνα :
|b Αγκυρα,
|c c1998
|
| 300 |
|
|
|a 342σ.
|
| 490 |
1 |
|
|a Καταθέσεις
|
| 504 |
|
|
|a Βιβλιογραφία: σ.335
|
| 650 |
|
4 |
|a ΑΙΡΕΣΕΙΣ
|
| 650 |
|
4 |
|a ΑΠΟΚΑΛΥΨΙΣ ΤΟΥ ΙΩΑΝΝΟΥ
|
| 650 |
|
4 |
|a ΑΠΟΚΑΛΥΨΙΣ ΤΟΥ ΙΩΑΝΝΟΥ
|
| 650 |
|
4 |
|a ΘΡΗΣΚΕΙΑ
|
| 650 |
|
4 |
|a ΠΑΤΜΟΣ
|
| 650 |
|
4 |
|a ΣΥΝΘΗΚΗ ΣΕΝΓΚΕΝ
|
| 650 |
1 |
0 |
|a 666
|
| 700 |
1 |
|
|a Μουστάκης, Γιώργος
|
| 710 |
0 |
|
|a Αγκυρα
|
| 830 |
|
0 |
|1 00112268
|1 2001
|a Καταθέσεις
|
| 942 |
|
|
|2 ddc
|
| 952 |
|
|
|0 0
|1 0
|2 ddc
|4 0
|6 228_000000000000000_ΜΟΥ
|7 0
|9 291524
|a LISK
|b LISK
|c BSC
|d 2021-01-17
|e 24
|f 0
|g 0.00
|l 0
|o 228 ΜΟΥ
|p 92410013292
|r 2021-01-17 00:00:00
|t 1
|w 2021-01-17
|y BK15
|x 19991024 0 1
|x GrPaTEI
|
| 971 |
|
|
|a .b26583689
|b 16-04-20
|c 23-09-16
|
| 999 |
|
|
|c 170223
|d 170223
|